Statistics for Stations on the Grand Central route (UK)

Click here to take the quiz!

General Stats

  • This quiz has been taken 42 times
  • The average score is 9 of 15

Answer Stats

ServiceAnswer% Correct
TerminusLondon King's Cross
96%
West RidingBradford Interchange
88%
North EasternYork
88%
North EasternSunderland
84%
West RidingDoncaster
72%
West RidingWakefield Kirkgate
72%
West RidingHalifax
56%
North EasternHartlepool
56%
North EasternNorthallerton
56%
West Riding
(Limited Service)
Pontefract Monkhill
56%
North EasternEaglescliffe
48%
North EasternThirsk
48%
West RidingBrighouse
32%
West RidingMirfield
28%
West RidingLow Moor
24%

Score Distribution

Percentile by Number Answered

Percent of People with Each Score

Your Score History

You have not taken this quiz